000 00572nam a2200169Ia 4500
008 090711s9999 xx 000 0 und d
082 _b27254
100 _aभोसेकर मूरलीधर गे.
245 _aमी मूर्तीमंत पाप
260 _c1973
300 _a120
600 _aभोसेकर मूरलीधर गे.
630 _aमी मूर्तीमंत पाप
700 _aभोसेकर मूरलीधर गे.
730 _aमी मूर्तीमंत पाप
942 _cBOOK
999 _c298733
_d298733